00266nam a2200097Ia 4500008004100000100001600041245005800057260002900115942000700144999001700151190216s9999||||xx |||||||||||||| ||und|| aDavid Green 0aContemporary English Gramer Structure And Composition bMac Millian And Com. Ltd cBK c15183d15183